000 00853cam a2200157 4500500
005 20260405003216.0
041 _afre
042 _adc
100 1 0 _aTrublet, Jacques
_eauthor
245 0 0 _aOlivier Artus, Les Lois du Pentateuque . Points de repère pour une lecture exégétique et théologique. Cerf, coll. Lectio Divina 200, 2005, 214 pages, 25 €
260 _c2005.
500 _a89
520 _aRésuméJules Verne distingue deux sources aux obstacles, aux réussites, aux échecs et aux succès de l’aventure : les éléments naturels, leur connaissance et leur maîtrise, et les conflits humains qui vont apparaître comme la source la plus réelle de perdition.
786 0 _nÉtudes | 403 | 7 | 2005-07-01 | p. XXX-XXX | 0014-1941
856 4 1 _uhttps://shs.cairn.info/revue-etudes-2005-7-page-XXX?lang=fr&redirect-ssocas=7080
999 _c2065395
_d2065395